| 000 | 00675nam a22002177a 4500 | ||
|---|---|---|---|
| 999 |
_c3121 _d3121 |
||
| 003 | AR-CdUCM | ||
| 008 | 190306b ||||| |||| 00| 0 spa d | ||
| 020 | _a84-8280-178-3 | ||
| 040 |
_aMUNICIPALIDAD PROVINCIAL DEL CUSCO _cBIBLIOTECA MUNICIPAL DEL CUSCO |
||
| 082 |
_a860.8 / _bG77 |
||
| 100 |
_aGracián, Baltasar _910537 |
||
| 245 | _aEl criticón / | ||
| 260 |
_aBogotá : _bLa Oveja Negra, _c1984. |
||
| 300 |
_a496 páginas ; _c18 cm. |
||
| 440 |
_aHistoria universal de la literatura _n78 _910538 |
||
| 650 |
_aNovela Española _96059 |
||
| 650 |
_aEdad de Oro, 1500-1700 _93058 |
||
| 650 |
_aNovelas Filosóficas _910539 |
||
| 942 |
_2ddc _cLIBROS |
||
| 945 | _araen | ||